000 00483nam a2200193Ia 4500
005 20250603145031.0
008 250603s9999 xx 000 0 und d
020 _a8174091041
050 _aTA 710.A1 .G37/
100 _aGarg, S.K
245 0 _aGeotech engineering: soil mechanics and foundation engineering
250 _a7th ed.
260 _aNew Delhi
260 _bSh. Romesh chander khanna
260 _c2009
300 _a1284 p
650 _aNew Delhi
942 _cBK
999 _c40673
_d40673